Statistiche per Harry Potter - Nome delle Materie insegnate ad Hogwarts

Clicka qui per fare il quiz!

Statistiche generali

  • Questo quiz è stato fatto 1.729 volte
  • Il punteggio medio è 8 su 15

Statistiche sulle risposte

Risposta% Corretto
Pozioni
94%
Difesa contro le arti oscure
90%
Incantesimi
70%
Erbologia
67%
Storia della Magia
65%
Trasfigurazione
65%
Divinazione
63%
Volo
59%
Cura delle creature magiche
54%
Antiche rune
48%
Babbanologia
47%
Astronomia
39%
Aritmanzia
27%
Alchimia
19%
Materializzazione
13%

Distribuzione punteggi

Percentile per numero di risposta

Percentuale di utenti per punteggio

I tuoi punteggi nel tempo

Non hai fatto questo quiz